000
00314nam a2200157Ia 4500
100
_a
Mazda/ Fraidoon
250
_a
1
942
_c
BK
654
_a
Engineering
245
_a
Engineering Management
260
_b
Pearson Edu
_c
2000
082
_a
658
_b
MAZ
300
_a
658
546
_a
ENGLISH
999
_c
28418
_d
28418